Opern von Richard Wagner - Statistiken

Allgemein
  • Dieses Quiz wurde 28 mal gespielt
  • Das Durchschnittsergebnis liegt bei 11 aus 13
Answers on the Grid
Answers color-coded by a green-red scale on the quiz's grid according to % correct below.
Die Feen
Das Liebesverbot
Rienzi
Der fliegende Holländer
Tannhäuser
Lohengrin
Tristan und Isolde
Die Meistersinger von Nürnberg
Das Rheingold
Die Walküre
Siegfried
Götterdämmerung
Parsifal
Wilhelm Tell
Die Macht des Schicksals
Der Troubadour
Die Hochzeit des Figaro
Othello
Macbeth
Fidelio
Luisa Miller
Turandot
Der Barbier von Sevilla
Die diebische Elster
Der Freischütz
Zar und Zimmermann
 
Antwortstatistiken
Antwort % Korrekt
Das Rheingold
100%
Götterdämmerung
100%
Lohengrin
100%
Tannhäuser
100%
Die Walküre
92%
Siegfried
92%
Der fliegende Holländer
85%
Parsifal
85%
Tristan und Isolde
85%
Die Meistersinger von Nürnberg
77%
Rienzi
62%
Das Liebesverbot
46%
Die Feen
38%
Keine übereinstimmenden Quizze gefunden
Verteilung der Resultate
Anzahl Personen mit jedem Resultat
Perzentil nach korrekt beantworteten Fragen
Ihre Resultats-Entwicklung
Sie haben dieses Quiz noch nicht gespielt